[Event "Roncana op-A 13th"]
[Site "Santa Eulalia de Roncana"]
[Date "2019.10.19"]
[Round "4"]
[White "Montilla Gordillo, Marti"]
[Black "Martin Ares, Miguel Angel"]
[Result "0-1"]
[WhiteElo "1565"]
[BlackElo "1722"]
[PlyCount "88"]
[EventDate "2019.09.28"]
[EventType "swiss"]
[EventRounds "8"]
[EventCountry "ESP"]
[SourceTitle "CBM 193 Extra"]
[Source "ChessBase"]
[SourceDate "2020.01.31"]
[SourceVersion "1"]
[SourceVersionDate "2020.01.31"]
[SourceQuality "1"]

1. e4 d5 2. e5 Bf5 3. c3 c5 4. d4 e6 5. Nf3 Nc6 6. a3 cxd4 7. cxd4 Qb6 8. Nc3 Nge7 9. Na4 Qc7 10. Bd3 Bxd3 11. Qxd3 Qa5+ 12. Nc3 Rc8 13. 0-0 Nf5 14. Be3 Be7 15. h3 0-0 16. Ne2 Qb6 17. b4 Nxe3 18. fxe3 a5 19. b5 Na7 20. a4 Rc4 21. Nd2 Rc7 22. Rac1 Rfc8 23. Rxc7 Rxc7 24. Kh1 Bb4 25. Rc1 Nc8 26. Rxc7 Qxc7 27. Kg1 Nb6 28. Nb3 Nxa4 29. e4 Nb2 30. Qb1 Nc4 31. exd5 exd5 32. Nf4 Qd7 33. Nc5 Qxb5 34. Nxd5 Nd2 35. Qf5 Qe8 36. Nd7 Qe6 37. N5f6+ gxf6 38. Nxf6+ Kf8 39. Qxh7 Ke7 40. Qg8 Qc6 41. d5 Qb6+ 42. Kh2 Qd8 43. d6+ Bxd6 44. exd6+ Qxd6+ 0-1

[Event "Vall del Tenes op 8th"]
[Site "Vall del Tenes"]
[Date "2019.05.10"]
[Round "2"]
[White "Mas Recorda, Pere"]
[Black "Martin Ares, Miguel Angel"]
[Result "1-0"]
[WhiteElo "1979"]
[BlackElo "1713"]
[PlyCount "73"]
[EventDate "2019.04.26"]
[EventType "swiss"]
[EventRounds "8"]
[EventCountry "ESP"]
[SourceTitle "EXT 2020"]
[Source "ChessBase"]
[SourceDate "2019.10.17"]
[SourceVersion "1"]
[SourceVersionDate "2019.10.17"]
[SourceQuality "1"]

1. f4 d5 2. e3 Nf6 3. Nf3 e6 4. b3 c5 5. Bb5+ Bd7 6. Bxd7+ Nbxd7 7. 0-0 Bd6 8. Bb2 Qb6 9. Ne5 Qc7 10. d4 Ne4 11. Nxd7 Qxd7 12. Nd2 Nxd2 13. Qxd2 0-0 14. dxc5 Bxc5 15. Qc3 Bxe3+ 16. Qxe3 Rfc8 17. Rf2 a6 18. Rd1 Qc6 19. h3 b5 20. Rd3 b4 21. Qd4 f6 22. Qxb4 Rab8 23. Qe1 a5 24. a4 Qa6 25. Re3 Rc6 26. Rfe2 Kf7 27. Qd1 Rd8 28. Qd3 Qxd3 29. Rxd3 Rdc8 30. Rdd2 Rb8 31. f5 Rbc8 32. fxe6+ Rxe6 33. Kf2 Rxe2+ 34. Rxe2 Rc7 35. Ke1 Rc8 36. Kd2 Rc6 37. Bc3 1-0

[Event "Roncana op-A 12th"]
[Site "Santa Eulalia de Roncana"]
[Date "2018.10.27"]
[Round "4"]
[White "Ventos Alfonso, Alba"]
[Black "Martin Ares, Miguel Angel"]
[Result "1-0"]
[WhiteElo "1802"]
[BlackElo "1729"]
[PlyCount "63"]
[EventDate "2018.09.29"]
[EventType "swiss"]
[EventRounds "8"]
[EventCountry "ESP"]
[SourceTitle "CBM 187 Extra"]
[Source "ChessBase"]
[SourceDate "2018.11.04"]
[SourceVersion "1"]
[SourceVersionDate "2018.11.04"]
[SourceQuality "1"]

1. e4 d5 2. exd5 Nf6 3. Bb5+ Bd7 4. Bxd7+ Qxd7 5. d4 Qxd5 6. Nf3 Nc6 7. 0-0 0-0-0 8. Nc3 Qh5 9. Bf4 a6 10. Ne2 g5 11. Ng3 Qg6 12. Bxg5 Nxd4 13. Bxf6 Qxf6 14. Nxd4 Rxd4 15. Qe2 h5 16. c3 Rd8 17. Rad1 e6 18. Rxd8+ Qxd8 19. Rd1 Qe7 20. Qe5 f6 21. Qd4 b6 22. Qe4 Kb8 23. Qc6 Bh6 24. Rd7 Qc5 25. Qxe6 h4 26. Rd5 Qf8 27. Nf5 Rh7 28. f3 Bg5 29. Nd4 Qc8 30. Nc6+ Kb7 31. Qe4 f5 32. Rxf5 1-0

[Event "Santa Eulalia Vall del Tenes op 7th"]
[Site "Santa Eulalia de Roncana"]
[Date "2018.04.27"]
[Round "4.11"]
[White "Castano Sanchez, Tomas"]
[Black "Martin Ares, Miguel Angel"]
[Result "0-1"]
[WhiteElo "1420"]
[BlackElo "1753"]
[PlyCount "84"]
[EventDate "2018.04.06"]
[EventType "swiss"]
[EventRounds "8"]
[EventCountry "ESP"]
[SourceTitle "EXT 2024"]
[Source "ChessBase"]
[SourceDate "2023.10.10"]
[SourceVersion "1"]
[SourceVersionDate "2023.10.10"]
[SourceQuality "1"]

1. c4 Nf6 2. Nc3 c5 3. g3 g6 4. Nf3 Bg7 5. Bg2 0-0 6. 0-0 e6 7. d3 d5 8. cxd5 exd5 9. d4 c4 10. a4 Nc6 11. b3 Ne4 12. Bb2 cxb3 13. e3 Na5 14. Ne5 Nxc3 15. Bxc3 Be6 16. Bxa5 Qxa5 17. Qxb3 Rab8 18. f4 Rfc8 19. Rac1 Bxe5 20. fxe5 Qd2 21. Rxc8+ Rxc8 22. Rd1 Qc3 23. Rb1 Qd2 24. h3 Rc2 25. Qxc2 Qxc2 26. Rxb7 Qxa4 27. Rc7 Qd1+ 28. Kf2 Qd2+ 29. Kf3 Bf5 30. Kf4 Qxg2 31. g4 Qf2+ 32. Kg5 Qxe3+ 33. Kf6 Be6 34. Rxa7 Qf4+ 35. Ke7 Qg5+ 36. Kd6 Qd8+ 37. Kc6 Qc8+ 38. Kd6 Qb8+ 39. Rc7 Qb4+ 40. Rc5 Qxd4 41. Rc7 Qb4+ 42. Rc5 d4 0-1

[Event "Santa Eulalia Vall del Tenes op 7th"]
[Site "Santa Eulalia de Roncana"]
[Date "2018.04.13"]
[Round "2.4"]
[White "Martin Ares, Miguel Angel"]
[Black "Centelles Vivas, Aleix"]
[Result "0-1"]
[WhiteElo "1753"]
[BlackElo "1891"]
[PlyCount "86"]
[EventDate "2018.04.06"]
[EventType "swiss"]
[EventRounds "8"]
[EventCountry "ESP"]
[SourceTitle "EXT 2024"]
[Source "ChessBase"]
[SourceDate "2023.10.10"]
[SourceVersion "1"]
[SourceVersionDate "2023.10.10"]
[SourceQuality "1"]

1. e4 e6 2. d4 d5 3. e5 c5 4. c3 Qb6 5. Nf3 Nc6 6. Bd3 Bd7 7. 0-0 cxd4 8. cxd4 Nxd4 9. Nxd4 Qxd4 10. Nc3 a6 11. Re1 Ne7 12. a3 Nc6 13. Be3 Qh4 14. Bb6 Be7 15. Re3 Qg5 16. Bc7 h5 17. Na4 Rc8 18. Bd6 Bxd6 19. exd6 Ne5 20. Nb6 Rc6 21. Nxd7 Nxd7 22. Rg3 Qh6 23. h3 0-0 24. Be2 Rfc8 25. Qd4 Rxd6 26. Kh2 e5 27. Qb4 Rb6 28. Qe7 Qe6 29. Qg5 Qf6 30. Qxh5 Rxb2 31. Bg4 Rc7 32. Bf5 Nf8 33. Rf1 Rc4 34. Bd3 Rf4 35. Qd1 Rfxf2 36. Rxf2 Rxf2 37. Qb3 Qc6 38. Bb1 Rf1 39. Bc2 Qc5 40. Rc3 Qg1+ 41. Kg3 d4 42. Rc7 Qf2+ 43. Kh2 Qf4+ 0-1

[Event "Roncana op 11th"]
[Site "Santa Eulalia de Roncana"]
[Date "2017.11.18"]
[Round "8"]
[White "Martin Ares, Miguel Angel"]
[Black "Martin Capitan, Jesus C"]
[Result "0-1"]
[WhiteElo "1779"]
[BlackElo "1703"]
[PlyCount "78"]
[EventDate "2017.09.23"]
[EventType "swiss"]
[EventRounds "8"]
[EventCountry "ESP"]
[SourceTitle "EXT 2022"]
[Source "ChessBase"]
[SourceDate "2021.10.06"]
[SourceVersion "1"]
[SourceVersionDate "2021.10.06"]
[SourceQuality "1"]

1. e4 c5 2. Nf3 g6 3. d4 cxd4 4. c3 dxc3 5. Nxc3 Bg7 6. Bc4 Nc6 7. e5 Nh6 8. 0-0 0-0 9. Bf4 a6 10. Qd2 Ng4 11. Rfe1 Qa5 12. Qe2 Nh6 13. h3 Nf5 14. Qd2 d6 15. e6 Bxe6 16. Bxe6 fxe6 17. Rxe6 Nfd4 18. Nxd4 Bxd4 19. Rae1 Qf5 20. Bg3 Be5 21. Bxe5 dxe5 22. Rxc6 bxc6 23. Re2 Rad8 24. Qe3 Qf4 25. Qxe5 Qxe5 26. Rxe5 Rd2 27. Re2 Rxe2 28. Nxe2 Rd8 29. Nc3 Rd2 30. Na4 Rd1+ 31. Kh2 Rd2 32. Kg3 Kf7 33. a3 a5 34. Kf3 Kf6 35. Ke3 Rc2 36. g3 h5 37. f4 g5 38. fxg5+ Kxg5 39. Kf3 h4 0-1

[Event "Vall del Tenes op 6th"]
[Site "Santa Eulalia de Roncana"]
[Date "2017.06.09"]
[Round "7"]
[White "Puigdueta Xalabarder, Antoni"]
[Black "Martin Ares, Miguel Angel"]
[Result "1/2-1/2"]
[WhiteElo "1523"]
[BlackElo "1770"]
[PlyCount "100"]
[EventDate "2017.04.21"]
[EventType "swiss"]
[EventRounds "8"]
[EventCountry "ESP"]
[SourceTitle "CBM 189 Extra"]
[Source "ChessBase"]
[SourceDate "2019.06.03"]
[SourceVersion "1"]
[SourceVersionDate "2019.06.03"]
[SourceQuality "1"]

1. e4 d5 2. exd5 Nf6 3. Nc3 Bg4 4. Nf3 Nxd5 5. Bc4 e6 6. 0-0 Nc6 7. d4 Nb6 8. Be2 Be7 9. Bf4 a6 10. Re1 0-0 11. Ne5 Nxe5 12. Bxe5 Bf5 13. Bg4 Bxg4 14. Qxg4 Bf6 15. Bxf6 Qxf6 16. Ne4 Qxd4 17. c3 Qd5 18. Qh4 Qf5 19. Re3 e5 20. Rf3 Qe6 21. Rh3 h6 22. Rg3 f5 23. Nc5 Qc6 24. Qe7 Rf7 25. Qxe5 Re8 26. Qd4 Rfe7 27. h3 Nd7 28. Nxd7 Rxd7 29. Qh4 Qd6 30. Rb1 Rde7 31. Qd4 Qxd4 32. cxd4 Rd7 33. Rd3 Red8 34. Rbd1 Rd5 35. R1d2 c5 36. f4 Kf7 37. Kf2 Rxd4 38. Rxd4 cxd4 39. Kf3 Rd7 40. Ke2 Ke6 41. Kd3 Kd5 42. Re2 Kc6 43. Re8 b5 44. Rf8 Rd5 45. Rf7 g5 46. fxg5 hxg5 47. g4 f4 48. Rf6+ Kb7 49. Rf5 Kc6 50. Rf6+ Kb7 1/2-1/2

[Event "Vall del Tenes op 6th"]
[Site "Santa Eulalia de Roncana"]
[Date "2017.06.02"]
[Round "6"]
[White "Martin Ares, Miguel Angel"]
[Black "Costa Trave, Jaume"]
[Result "0-1"]
[WhiteElo "1770"]
[BlackElo "1985"]
[PlyCount "70"]
[EventDate "2017.04.21"]
[EventType "swiss"]
[EventRounds "8"]
[EventCountry "ESP"]
[SourceTitle "CBM 189 Extra"]
[Source "ChessBase"]
[SourceDate "2019.06.03"]
[SourceVersion "1"]
[SourceVersionDate "2019.06.03"]
[SourceQuality "1"]

1. e4 e6 2. Nf3 d5 3. e5 c5 4. b4 cxb4 5. d4 Nc6 6. a3 Nge7 7. axb4 Nxb4 8. c3 Nbc6 9. Bd3 Nf5 10. 0-0 Be7 11. g4 Nh4 12. Nxh4 Bxh4 13. f4 Be7 14. Na3 0-0 15. Qc2 g6 16. f5 exf5 17. gxf5 f6 18. Bh6 fxe5 19. Bxf8 Bxf8 20. fxg6 e4 21. gxh7+ Kh8 22. Qg2 Be6 23. Be2 Qd7 24. Qg6 Ne7 25. Qg5 Kxh7 26. Rf4 Bh6 27. Rh4 Nf5 28. Rxh6+ Nxh6 29. Kh1 Rg8 30. Qf4 Qg7 31. Qf2 Ng4 32. Qh4+ Qh6 33. Qxh6+ Kxh6 34. Bxg4 Bxg4 35. h3 Bf3+ 0-1

[Event "Roncana op-A 9th"]
[Site "Santa Eulalia de Roncana"]
[Date "2015.10.24"]
[Round "3"]
[White "Martin Ares, Miguel Angel"]
[Black "Sanz Ogaya, Mario"]
[Result "1/2-1/2"]
[WhiteElo "1908"]
[BlackElo "2004"]
[PlyCount "81"]
[EventDate "2015.10.03"]
[EventType "swiss"]
[EventRounds "8"]
[EventCountry "ESP"]
[SourceTitle "EXT 2017"]
[Source "ChessBase"]
[SourceDate "2016.10.25"]
[SourceVersion "1"]
[SourceVersionDate "2016.10.25"]
[SourceQuality "1"]

1. b3 Nf6 2. Bb2 d5 3. f4 Bf5 4. Nf3 h6 5. e3 e6 6. Be2 Bd6 7. 0-0 Nbd7 8. c4 c6 9. Nc3 Qc7 10. Rc1 dxc4 11. Bxc4 Nc5 12. d4 Nce4 13. Nb5 Qe7 14. Nxd6+ Qxd6 15. Qe1 0-0 16. h3 Nd5 17. g4 Bh7 18. a3 Qe7 19. Bd3 Nd6 20. Bxh7+ Kxh7 21. Ne5 Nf6 22. Rc2 Nfe4 23. Rg2 f6 24. Nc4 g6 25. Nd2 Nxd2 26. Qxd2 Ne4 27. Qe1 f5 28. Rf3 a5 29. h4 Rg8 30. Rh3 a4 31. b4 Rac8 32. Qd1 Ra8 33. Qc2 Qd7 34. Rf3 Qd5 35. Rh3 Qb5 36. Rhh2 Qd5 37. Kf1 Nf6 38. g5 Ng4 39. Rh3 h5 40. Kg1 Rgd8 41. Re2 1/2-1/2

[Event "Roncana op-A 8th"]
[Site "Santa Eulalia de Roncana"]
[Date "2014.11.15"]
[Round "5"]
[White "Martin Ares, Miguel Angel"]
[Black "Oms Bruguera, Arnau"]
[Result "1-0"]
[WhiteElo "1904"]
[BlackElo "1837"]
[PlyCount "103"]
[EventDate "2014.10.11"]
[EventType "swiss"]
[EventRounds "8"]
[EventCountry "ESP"]
[SourceTitle "CBM 163 Extra"]
[Source "ChessBase"]
[SourceDate "2014.12.23"]
[SourceVersion "1"]
[SourceVersionDate "2014.12.23"]
[SourceQuality "1"]

1. e4 c6 2. d4 d5 3. e5 Bf5 4. h4 h6 5. Nc3 e6 6. g4 Bh7 7. Bd3 Bxd3 8. Qxd3 Nd7 9. Bd2 Qb6 10. h5 a6 11. f4 0-0-0 12. Nge2 c5 13. Na4 Qc6 14. Nxc5 Nxc5 15. dxc5 Bxc5 16. Rh3 Ne7 17. b4 Ba7 18. Nd4 Qc4 19. Nb3 Nc6 20. a4 Nxb4 21. Qxc4+ dxc4 22. Bxb4 cxb3 23. cxb3 Rd4 24. Rc1+ Kd7 25. Bd6 Re4+ 26. Kd2 Rc8 27. Rxc8 Kxc8 28. Rf3 Kd7 29. Kd3 Rd4+ 30. Kc3 Kc6 31. Bf8 g6 32. hxg6 fxg6 33. Bxh6 Kd5 34. Bg5 Re4 35. Rd3+ Bd4+ 36. Kb4 Kc6 37. Ka3 Kd5 38. Kb4 Kc6 39. Ka3 Bc5+ 40. Kb2 Rd4 41. Kc2 Kd5 42. Re3 Re4 43. Rd3+ Rd4 44. Rc3 Re4 45. Rd3+ Bd4 46. Rd2 Re3 47. Bd8 Ke4 48. Rxd4+ Kxd4 49. Bb6+ Ke4 50. Bxe3 Kxe3 51. f5 gxf5 52. gxf5 1-0

[Event "Vall del Tenes op 3rd"]
[Site "Santa Eulalia de Roncana"]
[Date "2014.04.25"]
[Round "1"]
[White "Boixader Puig, Angel"]
[Black "Martin Ares, Miguel Angel"]
[Result "0-1"]
[WhiteElo "1700"]
[BlackElo "1924"]
[PlyCount "68"]
[EventDate "2014.04.25"]
[EventType "swiss"]
[EventRounds "8"]
[EventCountry "ESP"]
[SourceTitle "CBM 160 Extra"]
[Source "ChessBase"]
[SourceDate "2014.07.01"]
[SourceVersion "1"]
[SourceVersionDate "2014.07.01"]
[SourceQuality "1"]

1. Nf3 c5 2. d4 Nf6 3. c4 cxd4 4. Nxd4 Nc6 5. e3 g6 6. Be2 Bg7 7. Bd2 0-0 8. 0-0 Qb6 9. Bc3 Rd8 10. a3 Ne4 11. Qc2 Nxc3 12. Nxc3 Nxd4 13. exd4 Bxd4 14. Rab1 e6 15. Ne4 Qc7 16. Rbd1 Be5 17. g3 d5 18. f4 Bg7 19. Ng5 Qb6+ 20. Kg2 Qxb2 21. Qxb2 Bxb2 22. a4 b6 23. Bf3 h6 24. Nh3 Ba6 25. Rf2 Ba3 26. cxd5 exd5 27. Rfd2 Rac8 28. Bxd5 Kg7 29. Nf2 Bb4 30. Rd4 Bc3 31. Re4 Rc5 32. Bc6 Rxd1 33. Nxd1 Rxc6 34. Nxc3 Rxc3 0-1

[Event "Roncana op-A 7th"]
[Site "Santa Eulalia de Roncana"]
[Date "2013.11.09"]
[Round "5"]
[White "Martin Ares, Miguel Angel"]
[Black "Alfonso Nogue, Alfonso"]
[Result "1-0"]
[WhiteElo "1702"]
[BlackElo "2056"]
[PlyCount "104"]
[EventDate "2013.10.05"]
[EventType "swiss"]
[EventRounds "8"]
[EventCountry "ESP"]
[SourceTitle "CBM 157 Extra"]
[Source "ChessBase"]
[SourceDate "2013.12.19"]
[SourceVersion "1"]
[SourceVersionDate "2013.12.19"]
[SourceQuality "1"]

1. e4 d5 2. exd5 Nf6 3. c4 c6 4. dxc6 Nxc6 5. Nc3 e5 6. d3 Bf5 7. a3 Bc5 8. h3 h5 9. Nf3 Qd7 10. Na4 Be7 11. Nh4 Bh7 12. Be3 Rd8 13. Nc5 Qc8 14. Nb3 Bxd3 15. Bxd3 e4 16. 0-0 Rxd3 17. Qc2 Ng8 18. Nc5 Bxh4 19. Nxd3 exd3 20. Qxd3 Nge7 21. Rfe1 0-0 22. b4 Bf6 23. Rad1 Ne5 24. Qe4 Qxc4 25. Qxc4 Nxc4 26. Bxa7 Ra8 27. Bc5 Ng6 28. Rd7 b5 29. Rb7 Nxa3 30. Rd1 Be5 31. Rdd7 Nc4 32. g3 h4 33. Rxf7 hxg3 34. fxg3 Ra1+ 35. Kf2 Ra2+ 36. Kg1 Bf6 37. Ra7 Rb2 38. h4 Nge5 39. Rf8+ Kh7 40. Rxf6 Nd2 41. Rf2 Ng4 42. Re2 Nf3+ 43. Kf1 Ngh2+ 44. Kf2 Nd2 45. Rxg7+ Kh6 46. Re6+ Kxg7 47. Bd4+ Kf7 48. Rf6+ Kg8 49. Bxb2 Nc4 50. Rf4 Nxb2 51. Kg2 Nd3 52. Re4 Ne1+ 1-0

[Event "Roncana op 6th"]
[Site "Santa Eulalia de Roncana"]
[Date "2012.10.06"]
[Round "1"]
[White "Martin Ares, Miguel Angel"]
[Black "Canal Oliveras, Joan"]
[Result "0-1"]
[WhiteElo "1735"]
[BlackElo "2239"]
[PlyCount "68"]
[EventDate "2012.10.06"]
[EventType "swiss"]
[EventRounds "8"]
[EventCountry "ESP"]
[SourceTitle "EXT 2014"]
[Source "ChessBase"]
[SourceDate "2013.11.20"]
[SourceVersion "1"]
[SourceVersionDate "2013.11.20"]
[SourceQuality "1"]

1. e4 e5 2. Nf3 Nc6 3. Bb5 Nd4 4. Nxd4 exd4 5. 0-0 Bc5 6. c3 Qh4 7. Qf3 Nf6 8. e5 Ng4 9. Qg3 Qxg3 10. hxg3 0-0 11. b4 Bb6 12. Bb2 Nxe5 13. cxd4 Nc6 14. Bxc6 dxc6 15. a4 Rd8 16. Na3 Bxd4 17. Bc3 Bf5 18. Rfe1 Kf8 19. Nc4 c5 20. b5 a5 21. Rac1 Bxc3 22. dxc3 Be6 23. Ne3 Rd2 24. Kf1 Bb3 25. Ra1 Re8 26. Reb1 c4 27. Ke1 Rd3 28. Rc1 g6 29. Kf1 f5 30. Ra3 Rd2 31. Ke1 Red8 32. Raa1 b6 33. Nf1 Rb2 34. Ra3 g5 0-1

[Event "Roncana op-A 5th"]
[Site "Santa Eulalia de Roncana"]
[Date "2011.11.12"]
[Round "6"]
[White "Garcia Alcaide, Victor Manuel"]
[Black "Martin Ares, Miguel Angel"]
[Result "0-1"]
[WhiteElo "1754"]
[BlackElo "1679"]
[PlyCount "76"]
[EventDate "2011.10.01"]
[EventType "swiss"]
[EventRounds "8"]
[EventCountry "ESP"]
[SourceTitle "EXT 2013"]
[Source "ChessBase"]
[SourceDate "2012.11.22"]
[SourceVersion "1"]
[SourceVersionDate "2012.11.22"]
[SourceQuality "1"]

1. e4 d6 2. f4 c5 3. Nf3 Nc6 4. Bc4 Nf6 5. d3 g6 6. 0-0 Bg7 7. c3 0-0 8. Qe1 Na5 9. Bb5 a6 10. Ba4 b5 11. Bc2 Bb7 12. Qh4 e6 13. Be3 Nd7 14. Qh3 b4 15. f5 exf5 16. exf5 Ne5 17. Ng5 h6 18. f6 Bc8 19. fxg7 Bxh3 20. gxf8Q+ Qxf8 21. Nxh3 Ng4 22. Bd2 Nc6 23. Nf4 Qb8 24. Bb3 c4 25. Bxc4 Qb6+ 26. d4 Nxd4 27. Bxf7+ Kg7 28. Nd3 Nc2+ 29. Kh1 Rf8 30. h3 Rxf7 31. Rxf7+ Kxf7 32. hxg4 bxc3 33. Nxc3 Nxa1 34. Nd5 Qd4 35. N5b4 a5 36. Bc3 Qxg4 37. Nc6 Qd1+ 38. Ne1 Nc2 0-1